Jardinería fácil /
Guardado en:
| Autor Principal: | |
|---|---|
| Formato: | Libro |
| Publicado: |
Madrid :
Atlántida,
1999
|
| Materias: | |
| Etiquetas: |
Agregar Etiqueta
Sin Etiquetas, Sea el primero en etiquetar este registro!
|
| LEADER | 00537nam a22002055a 4500 | ||
|---|---|---|---|
| 001 | CEM.cems016778 | ||
| 005 | 20130314170221.0 | ||
| 008 | 130507s1999##################000#0#####d | ||
| 003 | CEMS | ||
| 082 | 0 | 4 | |a 635.9 |
| 100 | 1 | |a Fabio, Verónica | |
| 245 | 1 | 0 | |a Jardinería fácil / |c Verónica Fabio, |
| 260 | |a Madrid : |b Atlántida, |c 1999 | ||
| 300 | |a 79 p. | ||
| 653 | |a Cesped | ||
| 653 | |a Flores | ||
| 653 | |a Jardin | ||
| 653 | |a Cubresuelos | ||
| 653 | |a Plantas ornamentales | ||
| 859 | |a CEMS |b BIB. CEMS - Agricultura |h 635.9 |i F113 |p A0087.00 |t Ej.1 | ||
